ბათუმის შოთა რუსთაველის სახელმწიფო უნივერსიტეტის ბიბლიოთეკა

ზმნური ფუძეების ფონემატური სტრუქტურისა და ისტორიის საკითხები ქართულში. (ბიბ.ჩანაწერი № 52475)

000 -LEADER
fixed length control field 00909nam a2200217Ia 4500
001 - CONTROL NUMBER
control field 19498
003 - CONTROL NUMBER IDENTIFIER
control field GE_BSU
008 - FIXED-LENGTH DATA ELEMENTS--GENERAL INFORMATION
fixed length control field 181216s||||||||xx |||||||||||||| ||und||
040 ## - CATALOGING SOURCE
Transcribing agency GE_BSU
080 ## - UNIVERSAL DECIMAL CLASSIFICATION NUMBER
Universal Decimal Classification number 811.353.1'342
100 ## - MAIN ENTRY--PERSONAL NAME
Personal name ერთელიშვილი, ფარნაოზ
245 ## - TITLE STATEMENT
Title ზმნური ფუძეების ფონემატური სტრუქტურისა და ისტორიის საკითხები ქართულში.
245 ## - TITLE STATEMENT
Statement of responsibility, etc. რედ:ლ.გეგუჩაძე
260 ## - PUBLICATION, DISTRIBUTION, ETC.
Name of publisher, distributor, etc. თბილ. უნ-ტის გამ-ბა,
260 ## - PUBLICATION, DISTRIBUTION, ETC.
Date of publication, distribution, etc. 1970
300 ## - PHYSICAL DESCRIPTION
Extent 358გვ; 22სმ.
300 ## - PHYSICAL DESCRIPTION
Other physical details რეზუმე რუს. ენ.. - დანართი: გვ. 352-358. -
653 ## - INDEX TERM--UNCONTROLLED
Uncontrolled term ზმნური ფუძეები ქართულში;
653 ## - INDEX TERM--UNCONTROLLED
Uncontrolled term ქართული ენა
942 ## - ADDED ENTRY ELEMENTS (KOHA)
Koha item type წიგნი
ეგზემპლარები
Withdrawn status Lost status Damaged status Not for loan Date acquired Barcode Date last seen Price effective from Koha item type
        2018-12-17 48540-3ლ.40თ. 2018-12-17 2018-12-17 წიგნი
        2018-12-17 48541-3ლ.40თ. 2018-12-17 2018-12-17 წიგნი
        2018-12-17 48542-3ლ.40თ. 2018-12-17 2018-12-17 წიგნი
        2018-12-17 48543-3ლ.40თ. 2018-12-17 2018-12-17 წიგნი
        2018-12-17 48544-8ლ. 2018-12-17 2018-12-17 წიგნი